00438nam a2200133 4500008004100000022001300041245005000054260005400104300001100158650002000169942000700189952009300196999001500289240219b |||||||| |||| 00| 0 eng d a19972997 aEthics in action-Vol. 4, no. 5 (October 2010) aHong Kong :bAsian human rights commission,c2010 b143 p. aIslam -- Ethics cCR 00102ddc4070aMAINbMAINd2024-02-19l0o174 ETHpRAF5057r2024-02-19w2024-02-19yCR c4774d4774